Horrid Henry : (Record no. 4118)

MARC details
000 -LEADER
fixed length control field 01108nam a22002897a 4500
001 - CONTROL NUMBER
control field 4118
003 - CONTROL NUMBER IDENTIFIER
control field FISKH
005 - DATE AND TIME OF LATEST TRANSACTION
control field 20251017163217.0
008 - FIXED-LENGTH DATA ELEMENTS--GENERAL INFORMATION
fixed length control field 240607b cb ||||| |||| 00| 0 eng d
020 ## - INTERNATIONAL STANDARD BOOK NUMBER
International Standard Book Number 9781444001099
040 ## - CATALOGING SOURCE
Original cataloging agency FISKH
Language of cataloging eng
Transcribing agency FISKH
Modifying agency FISKH
082 ## - DEWEY DECIMAL CLASSIFICATION NUMBER
Classification number 823.92
100 ## - MAIN ENTRY--PERSONAL NAME
Personal name Simon, Francesca
Relator term author
245 ## - TITLE STATEMENT
Title Horrid Henry :
Remainder of title Tricks and Treats /
Statement of responsibility, etc. by Francesca Simon : Illustrated by Tony Ross
250 ## - EDITION STATEMENT
Edition statement This edition was published in 2011
260 ## - PUBLICATION, DISTRIBUTION, ETC.
Place of publication, distribution, etc. London :
Name of publisher, distributor, etc. Irion Children's Books ;
Date of publication, distribution, etc. 2002
300 ## - PHYSICAL DESCRIPTION
Extent 76 pages :
Other physical details color illustrations ;
Dimensions 20 cm .
490 ## - SERIES STATEMENT
Series statement Early Readers
Volume/sequential designation Book 13
505 ## - FORMATTED CONTENTS NOTE
Formatted contents note J <br/>
520 ## - SUMMARY, ETC.
Summary, etc. It's Halloween. With a bag full of tricks and the best costume in town, Henry can't wait to go trick or treating. But, oh the shame! Surely Mum doesn't expect him to go out with Peter dressed as a fluffy pink bunny? Read by Miranda Richardson
521 8# - TARGET AUDIENCE NOTE
Target audience note 490 <br/>
Source Lexile <br/>
521 8# - TARGET AUDIENCE NOTE
Target audience note J <br/>
Source Raz-Plus <br/>
650 ## - SUBJECT ADDED ENTRY--TOPICAL TERM
Topical term or geographic name entry element Halloween
Form subdivision Children Literature
700 ## - ADDED ENTRY--PERSONAL NAME
Personal name Ross, Tony
Relator term illustrator
942 ## - ADDED ENTRY ELEMENTS (KOHA)
Source of classification or shelving scheme Dewey Decimal Classification
Koha item type Books
Suppress in OPAC No
Holdings
Withdrawn status Lost status Source of classification or shelving scheme Damaged status Not for loan Collection Home library Current library Shelving location Date acquired Total Checkouts Full call number Barcode Date last seen Copy number Price effective from Koha item type Date last checked out
    Dewey Decimal Classification     Fiction Footprints International School Library Network Toul Kork Campus Footprints International School Library Network Toul Kork Campus   06/07/2024   SIM 823.92 2024-0838 06/07/2024 1 06/07/2024 Books  
    Dewey Decimal Classification     Juvenile Fiction Footprints International School Library Network Toul Kork Campus Footprints International School Library Network Toul Kork Campus TK Primary Library Room(4th Floor), Bookcase 1&2, Shelves 1-16, Dark Blue Books 06/25/2024 1 SIM 823.92 FISTKG2A027 11/27/2024 2 06/25/2024 Books 11/20/2024